Welcome to CU Library Online Public Access Catalogue (OPAC)

Cost and management accounting; (Record no. 3833)

MARC details
000 -LEADER
fixed length control field 00428nam a22001577a 4500
005 - DATE AND TIME OF LATEST TRANSACTION
control field 20250213131640.0
008 - FIXED-LENGTH DATA ELEMENTS--GENERAL INFORMATION
fixed length control field 250213b |||||||| |||| 00| 0 eng d
020 ## - INTERNATIONAL STANDARD BOOK NUMBER
International Standard Book Number 9781861529237
050 ## - LIBRARY OF CONGRESS CALL NUMBER
Classification number HD5686
Item number .C8 DRU
100 ## - MAIN ENTRY--PERSONAL NAME
Personal name Drury, Colin
245 ## - TITLE STATEMENT
Title Cost and management accounting;
Remainder of title an introduction students' manual
250 ## - EDITION STATEMENT
Edition statement 5th
260 ## - PUBLICATION, DISTRIBUTION, ETC.
Place of publication, distribution, etc. Australia
Name of publisher, distributor, etc. Thomson Learning
Date of publication, distribution, etc. c2003
300 ## - PHYSICAL DESCRIPTION
Extent 141p
942 ## - ADDED ENTRY ELEMENTS (KOHA)
Source of classification or shelving scheme Library of Congress Classification
Koha item type Books
Suppress in OPAC No
999 ## -
-- 3833
-- 3833
Holdings
Withdrawn status Lost status Source of classification or shelving scheme Damaged status Not for loan Collection Home library Current library Shelving location Date acquired Total checkouts Full call number Barcode Date last seen Copy number Price effective from Koha item type
    Library of Congress Classification     Non-fiction Undergraduate Library (Christ Temple) Undergraduate Library (Christ Temple) General stacks 02/13/2025   HD5686.C8 DRU ulct00001190 02/13/2025 1 02/13/2025 Books
© 2023-2024 Copyright: Central University Libraries. All Rights Reserved | Created by: Mahone Tech Office